| 000 | 01129nac a22002897a 4500 | ||
|---|---|---|---|
| 001 | BR8200276 | ||
| 003 | BR-BrBNA | ||
| 005 | 20240105115218.0 | ||
| 008 | 230509b bl.|||m| |||| 00| 0 por d | ||
| 040 |
_aBR-BrBNA _bpor _cBiblioteca Nacional de Agricultura |
||
| 072 | _aL10 | ||
| 090 | _a5300 BR8200276 | ||
| 100 | 1 | _aLarrambebere, W.H.S. | |
| 100 | 1 | _aCosta, C.N. | |
| 110 | 1 | _aCentro Nacional de Pesquisa de Suinos e Aves, Concordia, SC (Brasil) | |
| 245 | 1 | _aConsanguinidade media, ate 1978, da populacao de suinos Large White de pedigree no Brasil [Reproducao animal; Sus domesticus] | |
| 246 | 1 | _a[Mean consanguinity, until 1978, of the Large White swine population of pedigree in Brazil [Animal reproduction; Sus domesticus]] | |
| 260 | 3 |
_aConcordia, SC (Brasil): _c1981. |
|
| 300 | _a3 p. | ||
| 490 |
_aComunicado Tecnico - Centro Nacional de Pesquisa de Suinos e Aves (Brazil) _vno. 27 _xISSN 0100-8862 |
||
| 650 | _aMelhoramento genetico animal | ||
| 650 | _aSuino | ||
| 650 | _aConsanguinidade | ||
| 650 | _aAcasalamento | ||
| 909 |
_a202312 _bLúcia Elande _c55 _dLúcia Elande |
||
| 942 |
_2AGRIS _n0 _cMS |
||
| 999 |
_c273685 _d273685 |
||